|
|
|
|
| LEADER |
00000nab a2200000 ar4500 |
| 001 |
vtls010067615 |
| 003 |
SK-MaSNL |
| 005 |
20260304162842.0 |
| 008 |
250507|2007 xo u|me|||||||00 ||slo |
| 015 |
|
|
|a SNBRA2010/02
|
| 035 |
|
|
|a (sysno)vtls010067615
|
| 035 |
|
|
|a urn:nbn:sk:snk-ab7boq
|
| 035 |
|
|
|a (uuid)850b5a88-1a4d-453d-a90d-e8495236c19a
|
| 035 |
|
|
|a (urnnbn)urn:nbn:sk:snk:ar-a07hu0
|
| 038 |
|
|
|a SNKBUCL
|
| 040 |
|
|
|a SNKBUCL
|b slo
|c SNKBUCL
|e AACR2
|
| 041 |
0 |
|
|a slo
|
| 044 |
|
|
|a xo
|c SK
|
| 080 |
|
|
|a 001:2-1
|2 2001
|
| 100 |
1 |
|
|a Skúpy, Igor
|4 aut
|9 22630
|
| 245 |
1 |
0 |
|a Veda a viera - súzvuk, či kontradikcia?
|c Igor Skúpy
|
| 504 |
|
|
|a Bibliogr. odkazy
|
| 611 |
2 |
7 |
|a Veda a viera
|d (2006 :
|c Bratislava, Slovensko)
|2 snkbucl
|9 1484079
|
| 650 |
0 |
7 |
|a veda a viera
|2 snkbucl
|9 4337
|
| 655 |
|
7 |
|a referáty
|2 snkbucl
|9 70611
|
| 655 |
|
7 |
|a zborníky
|2 snkbucl
|9 70165
|
| 773 |
0 |
|
|t Fides 14
|d Trnava : Teologická fakulta Trnavskej univerzity, 2007
|g S. 77-90
|z 8071415375
|
| 850 |
|
|
|a Slovenská národná knižnica
|
| 852 |
|
|
|a Slovenská národná knižnica
|
| 954 |
|
|
|a odborná, vedecká literatúra pôvodná (slovenská)
|2 lita
|
| 958 |
|
|
|a article27
|
| 958 |
|
|
|a OND
|
| 958 |
|
|
|a SK
|
| 958 |
|
|
|a NB
|
| 958 |
|
|
|a NT
|
| 958 |
|
|
|a EUIPO
|
| 999 |
|
|
|c 2975739
|d 2977669
|